书目信息 |
| 题名: |
当代中国美术家档案
|
|
| 作者: | 郭怡孮 主编 ;田黎明 绘 | |
| 分册: | 中国画篇 | |
| 出版信息: | 北京 华艺出版社 2005 |
|
| 页数: | 388页 | |
| 开本: | 23cm | |
| 丛书名: | ||
| 单 册: | ||
| 中图分类: | J222.7 , K825.72=76 | |
| 科图分类: | ||
| 主题词: | 中国画--中国--现代--画册 , 美术家 , 美术家--生平事迹--中国--现代 , 中国画 | |
| 电子资源: | ||
| ISBN: | 7-80142-724-6 | |
| 000 | 01015nam0 2200289 450 | |
| 001 | 002952304 | |
| 005 | 20070801172107.37 | |
| 010 | @a7-80142-724-6@dCNY78.00 | |
| 100 | @a20050317d2005 em y0chiy0110 ea | |
| 101 | 0 | @achi |
| 102 | @aCN@b110000 | |
| 105 | @aa z 000yd | |
| 200 | 1 | @a当代中国美术家档案@9dang dai zhong guo mei shu jia dang an@i中国画篇@i田黎明卷@f郭怡孮主编 |
| 210 | @a北京@c华艺出版社@d2005 | |
| 215 | @a388页@c图,照片@d23cm | |
| 330 | @a本书选入了田黎明先生多年来的主要作品,以及有关画家的一些自传自叙性质的文章及生活写真、艺术年表等,反映了画家对艺术研究的心路历程。 | |
| 512 | 1 | @a中国美术家档案@9zhong guo mei shu jia dang an@i田黎明卷 |
| 606 | 0 | @a中国画@y中国@z现代@j画册 |
| 606 | 0 | @a美术家 |
| 606 | 0 | @a美术家@x生平事迹@y中国@z现代 |
| 606 | 0 | @a中国画 |
| 690 | @aJ222.7@v4 | |
| 690 | @aK825.72=76@v4 | |
| 701 | 0 | @a郭怡孮@9guo yi cong@f(1940~)@4主编 |
| 702 | 0 | @a田黎明@9tian li ming@f(1955.5~)@4绘 |
| 801 | 0 | @aCN@bNLC@c20070801 |
| 905 | @a10447@dK825.72=76@e613 | |
| 当代中国美术家档案.中国画篇.田黎明卷/郭怡孮主编.-北京:华艺出版社,2005 |
| 388页:图,照片;23cm |
| ISBN 7-80142-724-6:CNY78.00 |
| 本书选入了田黎明先生多年来的主要作品,以及有关画家的一些自传自叙性质的文章及生活写真、艺术年表等,反映了画家对艺术研究的心路历程。 |
| ● |
| 相关链接 |
|
|
|
|
正题名:当代中国美术家档案
索取号:K825.72=76/613
 
预约/预借
| 序号 | 登录号 | 条形码 | 馆藏地/架位号 | 状态 | 备注 |
| 1 | 0800618 | 208006183 | 第二样本阅览室/ [索取号:K825.72=76/613] | 在馆 | |
| 2 | 0800619 | 208006192 | 第二借阅区/ [索取号:K825.72=76/613] | 在馆 | |
| 3 | 0800620 | 208006209 | 第二借阅区/ [索取号:K825.72=76/613] | 在馆 | |
| 4 | 0800621 | 208006218 | 第二借阅区/ [索取号:K825.72=76/613] | 在馆 | |
| 5 | 0800622 | 208006227 | 密集书库/ [索取号:K825.72=76/613] | 在馆 | |
| 6 | 0800623 | 208006236 | 密集书库/ [索取号:K825.72=76/613] | 在馆 | |
| 7 | 0800624 | 208006245 | 密集书库/ [索取号:K825.72=76/613] | 在馆 | |
| 8 | 0800625 | 208006254 | 密集书库/ [索取号:K825.72=76/613] | 在馆 | |
| 9 | 0800626 | 208006263 | 密集书库/ [索取号:K825.72=76/613] | 在馆 | |
| 10 | 0800627 | 208006272 | 第二借阅区/ [索取号:K825.72=76/613] | 在馆 |